| 000 | 00765nam a2200193Ia 4500 | ||
|---|---|---|---|
| 008 | 0000001989 sp a 0000000000cat00 | ||
| 090 | _aPSP00 H27h | ||
| 100 | 1 |
_aHervas Amezcua, Antonio _d1951 |
|
| 245 | 1 | 0 |
_aHervás Amezcua _b: impresiones y paisajes |
| 300 |
_a[16] p. _c/ 28 cm. |
||
| 500 | _aExposición realizada enla Galeria Gaudi, Barcelona, Marzo 7 Abil 1, 1989 \ Con el patronazgo del maestro venezolano Jesús Rafael Soto (q.e.p.d.) \ Texto en catalán \ | ||
| 600 | 0 | 0 |
_aHERVAS AMEZCUA, ANTONIO, 1951/ _xTRABAJOS PICTORICOS |
| 650 | 1 | 4 | _aARTE CONTEMPORANEO ESPAÑOL |
| 650 | 1 | 4 | _xCATALOGOS |
| 650 | 1 | 4 | _xEXPOSICIONES |
| 650 | 1 | 4 | _aPINTORES ESPAÑOLES |
| 650 | 1 | 4 | _aPINTURA ESPAÑOLA |
| 999 |
_c6970 _d6970 |
||
| 260 |
_aBarcelona : Galería Gaudi _c1989 |
||